000 00611nam a2200205Ia 4500
003 OSt
005 20250417142000.0
008 220927b |||||||| |||| 00| 0 eng d
020 _a9789386313775
040 _aSDCL
_cSDCL
_beng
041 _2eng
_aeng
084 _aO-,3STI Q7 LR
100 _aDami, Elisabetta
_9394822
245 0 _aGeronimo Stilton :
_bThe ship of secrets the tenth adventure in the kingdom of fantasy
260 _aGurgaon :
_bScholastic,
_c2017.
300 _a316p.
650 _aReference
942 _cGB
_2CC
_n0
999 _c728550
_d728550